The Rainbow Bridge: (Record no. 211998)

MARC details
000 -LEADER
fixed length control field 00433 a2200157 4500
010 ## - LCCN (DPL NO)
LC control number ENG-145617
020 ## - INTERNATIONAL STANDARD BOOK NUMBER
Terms of availability 750.00
035 ## - SYSTEM CONTROL NUMBER
System control number EN-129149
037 ## - SOURCE OF ACQUISITION
Source of stock number/acquisition DBAD
082 14 - DEWEY DECIMAL CLASSIFICATION NUMBER
Classification number 954.61
Edition number 1
100 1# - MAIN ENTRY--PERSONAL NAME
Personal name Jones, Susan M. Griffich
245 1# - TITLE STATEMENT
Title The Rainbow Bridge:
Statement of responsibility, etc Susan M. Griffich Jones
260 ## - PUBLICATION, DISTRIBUTION, ETC. (IMPRINT)
Name of publisher, distributor, etc Vibgyor Publishing House
Date of publication, distribution, etc 2009
300 ## - PHYSICAL DESCRIPTION
Dimensions 22cm( Hb.)
Extent 221p.
942 ## - ADDED ENTRY ELEMENTS (KOHA)
Item type English Books
Institution code [OBSOLETE] dpl
Source of classification or shelving scheme Dewey Decimal Classification
Classification part 954.61
Call number suffix JON
Holdings
Withdrawn status Lost status Not for loan Collection code Home library Current library Date acquired Source of acquisition Cost, normal purchase price Full call number Barcode Copy number Cost, replacement price Koha item type
      Non-fiction Sarojini Nagar Sarojini Nagar 27/06/2025 Delivery of Books Act Division 750.00 954.61 JON EN-129149 1 750.00 English Books

© Delhi Public Library
Hit Counter
free hit counter